| 000 | 01099cac a2200361 i 4500 | ||
|---|---|---|---|
| 003 | EG-GICUC | ||
| 005 | 20260308102133.0 | ||
| 008 | 060313s2006 mnu fr 001 0 eng d | ||
| 020 | _a9780314163066 | ||
| 020 | _a0314163069 | ||
| 040 |
_aDLC _cDLC _dDLC _dEG-GICUC _beng _erda |
||
| 043 | _an-us--- | ||
| 050 | 0 | 0 |
_aKF9218 _b.A27 2006 |
| 082 | 0 | 4 |
_221 _a343.1073 |
| 092 | 0 | 4 | _221 |
| 099 | _aLaw 10 2006 | ||
| 100 | 1 | _aAbrams, Norman. | |
| 245 | 1 | 0 |
_aFederal criminal law and its enforcement / _cby Norman Abrams, Sara Sun Beale. |
| 250 | _a4th edition. | ||
| 264 |
_aSt. Paul, MN : _bThomson/West, _c2006. |
||
| 300 |
_ali, 1050 pages ; _c26 cm. |
||
| 336 |
_atext _btxt _2rdacontent |
||
| 337 |
_aunmediated _bn _2rdamedia |
||
| 338 |
_avolume _bnc _2rdacarrier |
||
| 440 | 0 | _aAmerican casebook series | |
| 500 | _aIncludes index. | ||
| 525 | _aKept up to date by supplement. | ||
| 650 | 0 |
_aCriminal law _zUnited States _vCases. |
|
| 700 | 1 |
_aBeale, Sara S., _d1949- |
|
| 856 | 4 | 0 | _uhttps://fll.law.cu.edu.eg/fulltext/bks/ENGB10-00169.pdf |
| 905 | _a10 | ||
| 942 |
_2ddc _cBK _e21 _n0 |
||
| 999 |
_c50398 _d50398 |
||